| 000 | 00635nam a2200229 i 4500 | ||
|---|---|---|---|
| 001 | bg | ||
| 100 | 1 | _aHARRINGTON, Jan L. | |
| 245 | 1 | 0 |
_aSQL dla każdego / _cJan L. Harrington ; przekł. z ang. Piotr Nowakowski. |
| 246 |
_iTyt. oryg.: _aSQL clearly explained |
||
| 260 |
_aWarszawa : _b"Mikom", _c1998. |
||
| 300 |
_a234 s. ; _c24 cm. |
||
| 500 | _aTyt. oryg. : "SQL clearly explained", 1998. | ||
| 650 | 9 | _aSQL | |
| 655 | _aPodręczniki | ||
| 020 | _a8387102555 | ||
| 040 | _cBPK | ||
| 041 | 1 |
_apl _hen |
|
| 080 | _a004.438(07)SQL | ||
| 920 | _a83-87102-55-5 | ||
| 942 | _cKS | ||
| 008 | s pl f |000 0 pol | ||
| 999 |
_c35819 _d35819 |
||
| 856 |
_uhttp://koha.tu.koszalin.pl/cgi-bin/koha/opac-detail.pl?biblionumber=35819 _yKatalog online BPK |
||